Latín 3
Bewaard in:
| Hoofdauteur: | |
|---|---|
| Formaat: | Boek |
| Taal: | Spaans Latijn |
| Gepubliceerd in: |
Madrid
Anaya
1990
|
| Editie: | 2a. ed |
| Onderwerpen: | |
| Tags: |
Voeg label toe
Geen labels, Wees de eerste die dit record labelt!
|
MARC
| LEADER | 00000nam a2200000 a 4500 | ||
|---|---|---|---|
| 001 | UCX2075 | ||
| 003 | CL-VaPUC | ||
| 008 | 910314e19900000SP |||||||||||||||||spa|d | ||
| 041 | 0 | 7 | |a spa |2 CL-VaPUC |
| 041 | 0 | 7 | |a lat |2 CL-VaPUC |
| 082 | 0 | 4 | |a 475 |b SEG |2 21 |
| 100 | 0 | |a Segura Munguia, Santiago |e author |9 317874 | |
| 245 | 1 | 0 | |a Latín 3 |
| 250 | |a 2a. ed | ||
| 300 | |a 501 p | ||
| 942 | |c BK | ||
| 945 | |d 19910314 00:00:00 | ||
| 260 | |a Madrid |b Anaya |c 1990 | ||
| 650 | 0 | |a Latín |9 269544 | |
| 650 | 0 | |a Gramática |9 270497 | |
| 583 | |a last modification |c 19910314 00:00:00 |k Rodrigo Vera | ||
| 999 | |c 223171 |d 223169 | ||
| 952 | |0 0 |1 0 |4 0 |6 475_000000000000000_SEG_1990 |7 0 |8 A |9 218695 |a BIBEDU |b BIBEDU |d 2019-11-15 |i 2874970 |o 475 SEG 1990 |p 2874970 |r 2019-11-15 |w 2019-11-15 |y BK |k LIT | ||
| 952 | |0 0 |1 0 |4 0 |6 475_000000000000000_SEG_1990 |7 0 |8 A |9 218696 |a BIBEDU |b BIBEDU |d 2019-11-15 |i 2874989 |o 475 SEG 1990 |p 2874989 |r 2019-11-15 |w 2019-11-15 |y BK |k LIT | ||
| 952 | |0 0 |1 0 |4 0 |6 475_000000000000000_SEG_1990 |7 0 |8 A |9 218697 |a BIBEDU |b BIBEDU |d 2019-11-15 |i 2874997 |o 475 SEG 1990 |p 2874997 |r 2019-11-15 |w 2019-11-15 |y BK |k LIT | ||
| 952 | |0 0 |1 0 |4 0 |6 475_000000000000000_SEG_1990 |7 0 |8 A |9 218698 |a BIBEDU |b BIBEDU |d 2019-11-15 |i 2875004 |o 475 SEG 1990 |p 2875004 |r 2019-11-15 |w 2019-11-15 |y BK |k LIT | ||
| 952 | |0 0 |1 0 |4 0 |6 475_000000000000000_SEG_1990 |7 0 |8 A |9 218699 |a BIBEDU |b BIBEDU |d 2019-11-15 |i 2875012 |o 475 SEG 1990 |p 2875012 |r 2019-11-15 |w 2019-11-15 |y BK |k LIT | ||
| 952 | |0 0 |1 0 |4 0 |6 475_000000000000000_SEG_1990 |7 0 |8 A |9 218700 |a BIBEDU |b BIBEDU |d 2019-11-15 |i 2875020 |o 475 SEG 1990 |p 2875020 |r 2019-11-15 |w 2019-11-15 |y BK |k LIT | ||
| 952 | |0 0 |1 0 |4 0 |6 475_000000000000000_SEG_1990 |7 0 |8 A |9 218701 |a BIBEDU |b BIBEDU |d 2019-11-15 |i 2875039 |o 475 SEG 1990 |p 2875039 |r 2019-11-15 |w 2019-11-15 |y BK |k LIT | ||
| 952 | |0 0 |1 0 |4 0 |6 475_000000000000000_SEG_1990 |7 0 |8 A |9 218702 |a BIBEDU |b BIBEDU |d 2019-11-15 |i 2875055 |o 475 SEG 1990 |p 2875055 |r 2019-11-15 |w 2019-11-15 |y BK |k LIT | ||
| 952 | |0 0 |1 0 |4 0 |6 475_000000000000000_SEG_1990 |7 0 |8 A |9 218703 |a BIBEDU |b BIBEDU |d 2019-11-15 |i 2875063 |l 1 |o 475 SEG 1990 |p 2875063 |r 2023-06-23 |s 2023-06-19 |w 2019-11-15 |y BK |k LIT | ||
| 952 | |0 0 |1 0 |4 0 |6 475_000000000000000_SEG_1990 |7 0 |8 A |9 218704 |a BIBEDU |b BIBEDU |d 2019-11-15 |i 2875071 |o 475 SEG 1990 |p 2875071 |r 2019-11-15 |w 2019-11-15 |y BK |k LIT | ||
| 952 | |0 0 |1 0 |4 0 |6 475_000000000000000_SEG_1990 |7 0 |8 A |9 218705 |a BIBEDU |b BIBEDU |d 2019-11-15 |i 287508K |o 475 SEG 1990 |p 287508K |r 2019-11-15 |w 2019-11-15 |y BK |k LIT | ||
| 952 | |0 0 |1 0 |4 0 |6 475_000000000000000_SEG_1990 |7 0 |8 X |9 218706 |a FDOBUD |b FDOBUD |d 2019-11-15 |i 103698K |o 475 SEG 1990 |p 103698K |r 2019-11-15 |w 2019-11-15 |y BK_X |k BUD | ||